Statistiques concernant Pays les plus proches de Monaco - une minute sprint

Cliquez ici pour prendre le quiz!

Statistiques générales

  • Ce quiz a été pris 107 fois
  • Le résultat moyen est 15 sur 20

Statistiques - réponses

kmpays% Correct
0France
100%
374Espagne
98%
8Italie
98%
236Suisse
96%
421Allemagne
89%
402Autriche
86%
657Belgique
80%
514Croatie
79%
399Saint-Marin
79%
538Slovénie
77%
457Vatican
76%
641Luxembourg
74%
400Liechtenstein
71%
475Andorre
69%
787Pays-Bas
58%
762Hongrie
54%
700Tunisie
50%
739Algérie
49%
670Bosnie-Herzégovine
48%
741Tchèquie
45%

Distribution des résultats

Percentile par nombre de réponses

% des personnes avec chaque résultat

Votre développement - résultats

Vous n’avez pas pris ce quiz